• 首页
  • 本馆介绍
  • 公告通知
  • 最新文献
  • 馆藏检索
  • 电子资源
  • 读者导购
  • 参考咨询
  • 我的图书馆
  • 登录
  • 详细信息显示
  • 放入我的书架
  • 预约/预借图书
  • 作者相关作品
  • 分类相关作品
  • 丛书相关作品
  • 出版社相关作品

书目信息

  • 表格格式
  • 工作单格式
  • 卡片格式
题名:
地基基础施工
    
 
作者: 牛学超 主编
分册:  
出版信息: 北京   机械工业出版社  2012
页数: 258页
开本: 26cm
丛书名:
单 册:
中图分类: TU753
科图分类:
主题词: 地基--基础(工程)--工程施工--职业大学--教材 , 地基 , 基础(工程)
电子资源:
ISBN: 978-7-111-38379-6
000 00864nam0 2200253 450
001 2360773598
005 20231129165308.47
010    @a978-7-111-38379-6@dCNY32.00
100    @a20121116d2012 em y0chiy50 ea
101 0  @achi
102    @aCN@b110000
105    @ay z 000yy
200 1  @a地基基础施工@Adi ji ji chu shi gong@f牛学超主编
210    @a北京@c机械工业出版社@d2012
215    @a258页@d26cm
300    @a国家示范性高等职业院校建设计划项目
330    @a本书分为8章,主要内容包括地基基础概述、岩土的基本性质与工程分类、岩土工程勘察报告识读、地基基础施工准备、基坑工程施工、地基处理、桩基础施工和基础结构施工。
606 0  @a地基@x基础(工程)@x工程施工@x职业大学@j教材
606 0  @a地基
606 0  @a基础(工程)
690    @aTU753@v5
701  0 @a牛学超@Aniu xue chao@f(1964~)@4主编
801  0 @aCN@b山东中教@c20231126
905    @aBZT@dTU753@e5
    
    地基基础施工/牛学超主编.-北京:机械工业出版社,2012
    258页;26cm
    国家示范性高等职业院校建设计划项目
    
    ISBN 978-7-111-38379-6:CNY32.00
    本书分为8章,主要内容包括地基基础概述、岩土的基本性质与工程分类、岩土工程勘察报告识读、地基基础施工准备、基坑工程施工、地基处理、桩基础施工和基础结构施工。
●
相关链接 在五车中查询图书 在当当中查询图书 在豆瓣中查询图书


正题名:地基基础施工     索取号:TU753/5         预约/预借

序号 登录号 条形码 馆藏地/架位号 状态 备注
1 2001154170   2001154170   中教(第二批第二书库)/山东中教(第二批)/1288/ [索取号:TU753/5] 在馆    
2 2001154171   2001154171   中教(第二批第二书库)/山东中教(第二批)/1288/ [索取号:TU753/5] 在馆    
3 2001154172   2001154172   中教(第二批第二书库)/山东中教(第二批)/1288/ [索取号:TU753/5] 在馆    
4 2001154173   2001154173   中教(第二批第二书库)/山东中教(第二批)/1288/ [索取号:TU753/5] 在馆    
5 2001154174   2001154174   中教(第二批第二书库)/山东中教(第二批)/1288/ [索取号:TU753/5] 在馆    
6 2001154175   2001154175   中教(第二批第二书库)/山东中教(第二批)/1288/ [索取号:TU753/5] 在馆    
7 2001154176   2001154176   中教(第二批第二书库)/山东中教(第二批)/1288/ [索取号:TU753/5] 在馆    
8 2001154177   2001154177   中教(第二批第二书库)/山东中教(第二批)/1288/ [索取号:TU753/5] 在馆    
9 2001154178   2001154178   中教(第二批第二书库)/山东中教(第二批)/1288/ [索取号:TU753/5] 在馆    
10 2001154179   2001154179   中教(第二批第二书库)/山东中教(第二批)/1288/ [索取号:TU753/5] 在馆    
11 2001154180   2001154180   中教(第二批第二书库)/山东中教(第二批)/1288/ [索取号:TU753/5] 在馆    
12 2001154181   2001154181   中教(第二批第二书库)/山东中教(第二批)/1288/ [索取号:TU753/5] 在馆    
13 2001154182   2001154182   中教(第二批第二书库)/山东中教(第二批)/1288/ [索取号:TU753/5] 在馆    
14 2001154183   2001154183   中教(第二批第二书库)/山东中教(第二批)/1288/ [索取号:TU753/5] 在馆    
15 2001154184   2001154184   中教(第二批第二书库)/山东中教(第二批)/1288/ [索取号:TU753/5] 在馆    
16 2001154185   2001154185   中教(第二批第二书库)/山东中教(第二批)/1288/ [索取号:TU753/5] 在馆    
17 2001154186   2001154186   中教(第二批第二书库)/山东中教(第二批)/1288/ [索取号:TU753/5] 在馆    
18 2001154187   2001154187   中教(第二批第二书库)/山东中教(第二批)/1288/ [索取号:TU753/5] 在馆    
19 2001154188   2001154188   中教(第二批第二书库)/山东中教(第二批)/1288/ [索取号:TU753/5] 在馆    
20 2001154189   2001154189   中教(第二批第二书库)/山东中教(第二批)/1288/ [索取号:TU753/5] 在馆    
21 2001154190   2001154190   中教(第二批第二书库)/山东中教(第二批)/1288/ [索取号:TU753/5] 在馆    
22 2001154191   2001154191   中教(第二批第二书库)/山东中教(第二批)/1288/ [索取号:TU753/5] 在馆    
23 2001154192   2001154192   中教(第二批第二书库)/山东中教(第二批)/1288/ [索取号:TU753/5] 在馆    
24 2001154193   2001154193   中教(第二批第二书库)/山东中教(第二批)/1288/ [索取号:TU753/5] 在馆    
25 2001154194   2001154194   中教(第二批第二书库)/山东中教(第二批)/1288/ [索取号:TU753/5] 在馆    
26 2001154195   2001154195   中教(第二批第二书库)/山东中教(第二批)/1288/ [索取号:TU753/5] 在馆    
27 2001154196   2001154196   中教(第二批第二书库)/山东中教(第二批)/1288/ [索取号:TU753/5] 在馆    
28 2001154197   2001154197   中教(第二批第二书库)/山东中教(第二批)/1288/ [索取号:TU753/5] 在馆    
29 2001154198   2001154198   中教(第二批第二书库)/山东中教(第二批)/1288/ [索取号:TU753/5] 在馆    
30 2001154199   2001154199   中教(第二批第二书库)/山东中教(第二批)/1288/ [索取号:TU753/5] 在馆    
山东省滨州职业学院图书馆 欢迎您!
大连网信软件有限公司© 版权所有